La imagen del hombre / (Record no. 82510)

MARC details
000 -LEADER
campo de control de longitud fija 00497nam a2200169 i 4500
001 - NÚMERO DE CONTROL
campo de control 82510
003 - IDENTIFICADOR DE NÚMERO DE CONTROL
campo de control ES-MaACL
005 - FECHA Y HORA DE LA ÚLTIMA TRANSACCIÓN
campo de control 20230906174702.0
007 - CAMPO FIJO DE DESCRIPCIÓN FÍSICA--INFORMACIÓN GENERAL
campo de control de longitud fija t|
008 - DATOS DE LONGITUD FIJA--INFORMACIÓN GENERAL
campo de control de longitud fija 041110s1966 sp ||||1| spa d
245 03 - MENCIÓN DEL TÍTULO
Título La imagen del hombre /
Mención de responsabilidad, etc. M.A. Fitzsimons... [et al.] ; [traducción por César Maillo].
260 ## - PUBLICACIÓN, DISTRIBUCIÓN, ETC.
Lugar de publicación, distribución, etc. Madrid :
Nombre del editor, distribuidor, etc. Tecnos,
Fecha de publicación, distribución, etc. [1966]
300 ## - DESCRIPCIÓN FÍSICA
Extensión 503 p. ;
Dimensiones 24 cm.
700 1# - ENTRADA AGREGADA--NOMBRE PERSONAL
Nombre de persona Fitzsimons, M. A.
9 (RLIN) 51078
700 1# - ENTRADA AGREGADA--NOMBRE PERSONAL
Nombre de persona Maillo, César.
9 (RLIN) 75585
852 ## - LOCALIZACIÓN
Ubicación ES-MaACL
Número de control de estantería C-30215
Sublocalización o colección R.60455
Holdings
Estatus retirado Estado de pérdida Estado de daño No para préstamo Biblioteca de origen Biblioteca actual Ubicación en estantería Fecha de adquisición Fuente de adquisición Total de préstamos Signatura topográfica completa Código de barras Visto por última vez Precio de reemplazo Tipo de ítem Koha
        Biblioteca del Ateneo de Madrid Biblioteca del Ateneo de Madrid Depósito 2 17/01/2008     C-30215 1086228 23/02/2023 23/02/2023 Libro impreso